| 000 | 00000nam 2200000za 4500 |
| 001 | 9.613636 |
| 003 | CaOODSP |
| 005 | 20240527135427 |
| 007 | ta |
| 008 | 150406|1997||||xxc||||| f|0| 0 eng d |
| 020 | |a0-662-25470-8 |
| 022 | |a0576-6370 |
| 040 | |aCaOODSP|beng |
| 043 | |an-cn--- |
| 086 | 1 |aCW69-1/93E |
| 110 | 2 |aCanadian Wildlife Service. |
| 245 | 14|aThe ecology, status, and conservation of marine and shoreline birds of the Queen Charlotte Islands / |cEdited by Kees Vermeer and Ken H. Morgan. |
| 260 | |aOttawa - Ontario : |bEnvironment Canada. |c1997. |
| 300 | |a150p. : |bfigs., graphs, maps, references, tables ; |c28 cm. |
| 490 | 1 |aOccasional paper - Canadian Wildlife Service|x0576-6370|v93 |
| 500 | |a"This report presents a synthesis on the ecology, status, and conservation of marine and shoreline birds of the Queen Charlotte Islands. The objective of the synthesis was to combine various disciplines to provide a review of what is currently known about the marine biology of the Queen Charlotte Islands with particular emphasis on birds."--Introduction. |
| 520 | 3 |aThis report presents a synthesis on the ecology, status, and conservation of marine and shoreline birds of the Queen Charlotte Islands. The objective of the synthesis was to combine various disciplines to provide a review of what is currently known about the marine biology of the Queen Charlotte Islands with particular emphasis on birds.--Introduction |
| 546 | |aRésumés en français |
| 563 | |aSoftcover |
| 590 | |a97-14|b1997-04-04 |
| 690 | 07|aBirds|2gcpds |
| 720 | 1 |aVermeer, Kees |
| 720 | 1 |aMorgan, Ken H. |
| 776 | 0#|tThe ecology, status, and conservation of marine and shoreline birds of the Queen Charlotte Islands |w(CaOODSP)9.856149 |
| 830 | #0|aOccasional paper (Canadian Wildlife Service)|x0576-6370|v93|w(CaOODSP)9.514489 |